Normal view
MARC view
- Hāshmī, Ḥaẓrat Mawlānā Muḥammad Nawāz Shāh
Entry Personal Name
001 - CONTROL NUMBER
- control field: 130143
003 - CONTROL NUMBER IDENTIFIER
- control field: NUST
005 - DATE AND TIME OF LATEST TRANSACTION
- control field: 20250725120049.0
008 - FIXED-LENGTH DATA ELEMENTS
- fixed length control field: 250725|| aca||aabn | a|a d
040 ## - CATALOGING SOURCE
- Original cataloging agency: NUST
- Transcribing agency: NUST
100 ## - HEADING--PERSONAL NAME
- Personal name: Hāshmī, Ḥaẓrat Mawlānā Muḥammad Nawāz Shāh
670 ## - SOURCE DATA FOUND
- Source citation: Work cat.: (NUST)614420: Hāshmī, Ḥaẓrat Mawlānā Muḥammad Nawāz Shāh., Zikr-e-Ḥaqq / , 2011.
